000 00270nam a2200097Ia 4500
008 230508s2010 xx 000 0 und d
041 _aeng
100 _aG. S. BIRDIE / I. S. BIRDIE.
245 _aWATER SUPPLY & SENITARY ENGINEERING
260 _bDHANPAT RAI PUBLISHI
_c2010
999 _c316088
_d316088